000 00402nam a2200157Ia 4500
008 230312s9999||||xx |||||||||||||| ||und||
020 _a0-07-212164-5
082 _a005.43
_bPET
100 _aPetersen Rchard
245 0 _aLinux : the Complete Reference
260 _bMcGraw HILL
_aNew York
_c1999
300 _a929
546 _aEng.
650 _aComputer
_vIntroduction to Linux, Gnome
942 _cBK
999 _c2938
_d2938